000 00748nam a22002057a 4500
005 20210211110208.0
020 _a978-0-12-815322-2
037 _aBC_721 78
_fbroch
040 _aBC-ENSA
_bfre
041 _aang
_bang
080 _a581.2:620.3
100 _aGHORBANPOUR, Mansour/ WANI, Shabir Hussain
245 _aAdvances in phytonanotechnology
_bfrom synthesis to application
260 _aOxford
_bElsevier
_c2019
300 _a460 p.
_bill. en coul., couv. ill. en coul.
_c22 cm
541 _cACHN
562 _e 01 exemplaire(s)
653 _aPHYTOTECHNIE/NANOTECHNOLOGIE/PROGRES/SYNTHESE/APPLICATION/TRANSITION/DEVELOPPEMENT/STATEGIE/PLANTE/DEFENSE/EXTRACTION
942 _c09
999 _c32877
_d60875